000 00916nam a2200265Ia 4500
003 OSt
005 20220923211519.0
006 a|||||r|||| 00| 0
007 ta
008 220922b |||||||| |||| 00| 0 hin d
020 _a9789380458649 (hbk)
_c500
024 _a290,126
037 _b24574, 15/03/2016, Kitab Ghar
_cTextual
040 _aARTS
_cARTS
_bhin
041 _2hin
_ahin
082 _aO152,6N357x, Q4
100 _aदवे, रमेश
245 0 _aआलोचना की उत्तर - परम्परा
246 _aĀlochanā kī uttar - paramparā
260 _aनई दिल्ली
_b सामायिक बुक्स
_c2014
300 _a287पृ.
_ccm.
650 _aहिन्दी साहित्य
_9156264
942 _hO152,6N357x, Q4
_cTEXL
_2CC
999 _c300285
_d300285